[Event "V4 OPEN - International Championship of Slovakia 2
[Site "Banska Stiavnica"]
[Date "2013.07.08"]
[Round "3"]
[Board "31"]
[White "Gombar, Peter"]
[Black "Gledura, Benjamin"]
[Result "0-1"]
[WhiteElo "1964"]
[BlackElo "2421"]
[PlyCount "0"]
[EventDate "2013.07.06"]
[EventRounds "9"]
[EventCountry "SVK"]

1. d4 {[%clk 1:30:57]} Nf6 {[%clk 1:30:53]} 2. Nf3 {[%clk 1:31:18]} g6
{[%clk 1:31:13]} 3. Bf4 {[%clk 1:31:22]} Bg7 {[%clk 1:31:29]} 4. e3
{[%clk 1:31:33]} O-O {[%clk 1:31:31]} 5. Bd3 {[%clk 1:31:37]} d6 {[%clk 1:31:11]}
6. h3 {[%clk 1:31:14]} Nbd7 {[%clk 1:30:49]} 7. O-O {[%clk 1:30:49]} b6
{[%clk 1:26:55]} 8. c3 {[%clk 1:27:56]} Bb7 {[%clk 1:26:51]} 9. Bh2
{[%clk 1:22:59]} e6 {[%clk 1:24:30]} 10. Nbd2 {[%clk 1:20:44]} Qe7
{[%clk 1:23:35]} 11. e4 {[%clk 1:19:11]} e5 {[%clk 1:22:06]} 12. d5
{[%clk 1:17:38]} Ne8 {[%clk 1:17:12]} 13. Qc2 {[%clk 1:12:23]} Nc5
{[%clk 1:15:59]} 14. Bg3 {[%clk 1:10:32]} Nxd3 {[%clk 1:11:57]} 15. Qxd3
{[%clk 1:10:55]} f5 {[%clk 1:11:51]} 16. Bh4 {[%clk 1:08:24]} Bf6
{[%clk 1:10:33]} 17. Bxf6 {[%clk 1:07:06]} Nxf6 {[%clk 1:09:01]} 18. c4
{[%clk 1:04:56]} Bc8 {[%clk 1:06:00]} 19. Nh2 {[%clk 1:01:01]} Kh8
{[%clk 1:02:08]} 20. f3 {[%clk 0:59:03]} Nh5 {[%clk 1:01:40]} 21. Rf2
{[%clk 0:53:02]} Qg5 {[%clk 1:01:10]} 22. Kh1 {[%clk 0:49:07]} Bd7
{[%clk 0:59:07]} 23. Nhf1 {[%clk 0:46:10]} f4 {[%clk 0:59:01]} 24. b4
{[%clk 0:43:49]} a5 {[%clk 0:58:03]} 25. b5 {[%clk 0:42:23]} Ng3+
{[%clk 0:57:18]} 26. Nxg3 {[%clk 0:38:01]} fxg3 {[%clk 0:57:38]} 27. Re2
{[%clk 0:38:06]} Qh4 {[%clk 0:54:57]} 28. Kg1 {[%clk 0:32:09]} Rf4
{[%clk 0:55:00]} 29. Rb1 {[%clk 0:29:56]} Raf8 {[%clk 0:49:44]} 30. Rb3
{[%clk 0:28:33]} g5 {[%clk 0:49:09]} 31. Nf1 {[%clk 0:26:31]} R8f6
{[%clk 0:48:22]} 32. Qd2 {[%clk 0:24:18]} g4 {[%clk 0:48:18]} 0-1

[Event "V4 OPEN - International Championship of Slovakia 2
[Site "Banska Stiavnica"]
[Date "2013.07.08"]
[Round "3"]
[Board "32"]
[White "Talla, Vladimir"]
[Black "Jablonicky, Martin"]
[Result "1-0"]
[WhiteElo "2394"]
[BlackElo "1933"]
[PlyCount "71"]
[EventDate "2013.07.06"]
[EventRounds "9"]
[EventCountry "SVK"]

1. d4 Nf6 2. c4 g6 3. Nc3 Bg7 4. e4 d6 5. f3 O-O 6. Be3 e5 7. Nge2 Nbd7 8. Qd2
Ne8 9. O-O-O a6 10. Kb1 Rb8 11. d5 b5 12. Nc1 b4 13. Na4 a5 14. Nb3 Nb6 15.
Nxa5 Nxa4 16. Nc6 Nc3+ 17. Ka1 Ra8 18. bxc3 bxc3 19. Qxc3 Qd7 20. Rb1 f5 21.
Bd3 Qf7 22. h3 Bd7 23. Na7 Nf6 24. Rb7 Bc8 25. Nxc8 Rfxc8 26. Rhb1 fxe4 27.
fxe4 Qd7 28. Qc2 Ra3 29. R1b3 Rca8 30. Rxa3 Rxa3 31. Kb2 Ra8 32. Qb3 Qc8 33. c5
Ne8 34. c6 h5 35. a4 Kh7 36. a5 1-0

[Event "V4 OPEN - International Championship of Slovakia 2
[Site "Banska Stiavnica"]
[Date "2013.07.08"]
[Round "3"]
[Board "33"]
[White "Rabovszky, Gyorgy"]
[Black "Motuz, Karol"]
[Result "0-1"]
[WhiteElo "1923"]
[BlackElo "2361"]
[PlyCount "84"]
[EventDate "2013.07.06"]
[EventRounds "9"]
[EventCountry "SVK"]

1. e4 e6 2. d4 d5 3. Nc3 Nf6 4. Bd3 c5 5. e5 Nfd7 6. Be3 cxd4 7. Bxd4 Nc6 8.
Nf3 Nxd4 9. Nxd4 Nxe5 10. Bb5+ Bd7 11. Qe2 Nc6 12. O-O-O Bc5 13. Nb3 Be7 14. f4
O-O 15. h4 Qc7 16. g3 a6 17. Bd3 b5 18. Qf3 b4 19. Ne2 a5 20. f5 Ne5 21. Qh5 a4
22. Na1 a3 23. b3 Nxd3+ 24. Rxd3 Bb5 25. Rhd1 Bxd3 26. Rxd3 Bf6 27. c3 Qe5 28.
Nc2 bxc3 29. Nf4 Rfe8 30. Re3 Qxf5 31. Qxf5 exf5 32. Nxd5 Rxe3 33. Nxf6+ gxf6
34. Nxe3 Re8 35. Nd5 Re2 36. Nxc3 Rg2 37. b4 Kf8 38. b5 Ke7 39. Nd5+ Kd6 40.
Ne3 Rxa2 41. Nxf5+ Kc5 42. Ne3 Re2 0-1

[Event "V4 OPEN - International Championship of Slovakia 2
[Site "Banska Stiavnica"]
[Date "2013.07.08"]
[Round "3"]
[Board "34"]
[White "Repka, Christopher"]
[Black "Urbanic, Martin"]
[Result "1-0"]
[WhiteElo "2361"]
[BlackElo "1912"]
[PlyCount "51"]
[EventDate "2013.07.06"]
[EventRounds "9"]
[EventCountry "SVK"]

1. d4 d5 2. Nf3 Nf6 3. Bf4 Bf5 4. e3 e6 5. Bd3 Bg6 6. O-O Bd6 7. Ne5 O-O 8. c4
c5 9. cxd5 exd5 10. dxc5 Bxc5 11. Nxg6 hxg6 12. Qb3 Qb6 13. Qxb6 Bxb6 14. Nc3
Nc6 15. Na4 Ba5 16. Nc5 b6 17. Na6 Nb4 18. Rfd1 Rfc8 19. Nc7 Rab8 20. Ba6 Rxc7
21. Bxc7 Nxa6 22. Bxb8 Nxb8 23. Rac1 Nbd7 24. Rc8+ Kh7 25. Rd4 g5 26. b4 1-0

[Event "V4 OPEN - International Championship of Slovakia 2
[Site "Banska Stiavnica"]
[Date "2013.07.08"]
[Round "3"]
[Board "35"]
[White "Kral, Klaudia"]
[Black "Farkas, Gabor"]
[Result "1/2-1/2"]
[WhiteElo "1911"]
[BlackElo "2359"]
[PlyCount "127"]
[EventDate "2013.07.06"]
[EventRounds "9"]
[EventCountry "SVK"]

1. e4 e5 2. Nf3 Nc6 3. Bc4 Bc5 4. c3 Nf6 5. d3 d6 6. O-O h6 7. h3 O-O 8. Re1
Be6 9. Nbd2 a6 10. Bb3 Ba7 11. Nf1 Qd7 12. Ng3 Ne7 13. Bxe6 fxe6 14. Be3 Ng6
15. d4 exd4 16. cxd4 d5 17. Ne5 Nxe5 18. dxe5 Bxe3 19. Rxe3 Ne8 20. exd5 exd5
21. Qb3 c6 22. Rc1 Rb8 23. a4 Nc7 24. a5 Ne6 25. Ne2 Rf7 26. Rf3 Rbf8 27. Rxf7
Rxf7 28. Qd3 Qc7 29. f4 Qxa5 30. f5 Nc5 31. Qe3 Ne4 32. Rf1 Qd2 33. Qxd2 Nxd2
34. Rf4 Nc4 35. e6 Re7 36. b3 Nd6 37. g4 Ne4 38. Kg2 c5 39. h4 b5 40. Ng3 Nxg3
41. Kxg3 d4 42. b4 cxb4 43. Rxd4 b3 44. Rb4 Rb7 45. Rxb3 b4 46. Kf2 a5 47. Ke2
a4 48. Re3 Kf8 49. Kd2 b3 50. Kc1 Ke7 51. Re4 Ra7 52. Rb4 a3 53. Kb1 b2 54. Ka2
Kf6 55. Rb6 Ra4 56. Rb7 Ra8 57. Rf7+ Ke5 58. Rb7 h5 59. Rb5+ Kd6 60. g5 Ra7 61.
Rb6+ Ke7 62. Rb5 Kd6 63. Rb6+ Ke7 64. Rb5 1/2-1/2

[Event "V4 OPEN - International Championship of Slovakia 2
[Site "Banska Stiavnica"]
[Date "2013.07.08"]
[Round "3"]
[Board "36"]
[White "Jurcik, Martin"]
[Black "Goga, Frantisek"]
[Result "1-0"]
[WhiteElo "2358"]
[BlackElo "1907"]
[PlyCount "69"]
[EventDate "2013.07.06"]
[EventRounds "9"]
[EventCountry "SVK"]

1. e4 c5 2. Nf3 d6 3. d4 cxd4 4. Nxd4 Nf6 5. Nc3 a6 6. Be2 e5 7. Nb3 Be6 8. f4
exf4 9. Bxf4 Nc6 10. Qd2 Be7 11. O-O-O Ne5 12. Kb1 O-O 13. Nd4 Qc7 14. Nf5 Rfd8
15. g4 Bf8 16. Bg5 Be7 17. Rhf1 b5 18. Nxe7+ Qxe7 19. Bxf6 gxf6 20. Qh6 Ng6 21.
Rd3 b4 22. Nd1 Bc4 23. Re3 Bxe2 24. Rxe2 Rac8 25. Ne3 Qf8 26. Qxf8+ Kxf8 27.
Rxf6 Rc5 28. Nf5 d5 29. e5 d4 30. e6 d3 31. cxd3 Rdc8 32. Re1 R8c7 33. d4 Rd5
34. h4 Kg8 35. e7 1-0

[Event "V4 OPEN - International Championship of Slovakia 2
[Site "Banska Stiavnica"]
[Date "2013.07.08"]
[Round "3"]
[Board "37"]
[White "Nasuta, Grzegorz"]
[Black "Medvec, Miroslav"]
[Result "1-0"]
[WhiteElo "2353"]
[BlackElo "1905"]
[PlyCount "73"]
[EventDate "2013.07.06"]
[EventRounds "9"]
[EventCountry "SVK"]

1. e4 e5 2. Nf3 Nc6 3. Bb5 a6 4. Ba4 Nf6 5. O-O Be7 6. Re1 b5 7. Bb3 d6 8. c3
O-O 9. h3 Na5 10. Bc2 c5 11. d4 Qc7 12. Nbd2 cxd4 13. cxd4 Nc6 14. Nb3 a5 15.
Be3 a4 16. Nbd2 Bd7 17. Rc1 Qb7 18. Nf1 Rfe8 19. Ng3 Bd8 20. Bb1 h6 21. Nh4
exd4 22. Bxd4 Nxd4 23. Qxd4 Re6 24. Nhf5 Ne8 25. Nh5 Qb6 26. Qxb6 Bxb6 27. Nf4
Re5 28. Nd3 Re6 29. Nf4 Re5 30. Nd3 Re6 31. a3 d5 32. e5 f6 33. Ba2 Nc7 34.
Rxc7 Bxc7 35. Bxd5 Rae8 36. Nc5 Bc8 37. exf6 1-0

[Event "V4 OPEN - International Championship of Slovakia 2
[Site "Banska Stiavnica"]
[Date "2013.07.08"]
[Round "3"]
[Board "38"]
[White "Szostko, Jakub"]
[Black "Kantorik, Marian"]
[Result "1/2-1/2"]
[WhiteElo "1895"]
[BlackElo "2331"]
[PlyCount "93"]
[EventDate "2013.07.06"]
[EventRounds "9"]
[EventCountry "SVK"]

1. e4 Nf6 2. e5 Nd5 3. c4 Nb6 4. c5 Nd5 5. Bc4 c6 6. d4 d6 7. cxd6 exd6 8. Nf3
Be7 9. O-O O-O 10. h3 Bf5 11. Nc3 Nxc3 12. bxc3 Nd7 13. Bf4 dxe5 14. Nxe5 Nxe5
15. Bxe5 Bd6 16. Bxd6 Qxd6 17. Qf3 Bg6 18. Rfe1 Rfe8 19. Re3 Rxe3 20. Qxe3 Kf8
21. Re1 f6 22. Qe6 Qxe6 23. Bxe6 Re8 24. Re3 Bf7 25. Bxf7 Kxf7 26. Kf1 c5 27.
Rd3 cxd4 28. Rxd4 Re7 29. g3 Ke8 30. h4 Rc7 31. Rd3 Rd7 32. Re3+ Kd8 33. h5 Rd2
34. h6 g6 35. Re6 Kd7 36. Rxf6 Ke7 37. Rf4 Rxa2 38. Rc4 Rd2 39. Rd4 Rc2 40. Rc4
Rd2 41. Rd4 Rc2 42. Rc4 Kd7 43. Rf4 Ke6 44. Re4+ Kd7 45. Rh4 Ke6 46. Re4+ Kd6
47. Rd4+ 1/2-1/2

[Event "V4 OPEN - International Championship of Slovakia 2
[Site "Banska Stiavnica"]
[Date "2013.07.08"]
[Round "3"]
[Board "39"]
[White "Ruckschloss, Karol"]
[Black "Pasztor, Ladislav"]
[Result "1/2-1/2"]
[WhiteElo "2283"]
[BlackElo "1886"]
[PlyCount "61"]
[EventDate "2013.07.06"]
[EventRounds "9"]
[EventCountry "SVK"]

1. c4 Nf6 2. d4 g6 3. Nc3 Bg7 4. e4 d6 5. Be2 O-O 6. h4 h5 7. Nh3 c5 8. d5 e6
9. dxe6 Bxe6 10. Bf4 Qb6 11. Rb1 Nc6 12. Ng5 Nd4 13. Nxe6 fxe6 14. Be3 Nxe2 15.
Qxe2 Ng4 16. O-O Nxe3 17. Qxe3 Rf7 18. Qg3 Kh7 19. Nb5 d5 20. exd5 exd5 21. b3
a6 22. Nc3 Bxc3 23. Qxc3 d4 24. Qd3 Qf6 25. b4 b6 26. bxc5 bxc5 27. Qe4 Raa7
28. Rb8 Rae7 29. Qd5 Re5 30. Qa8 Re2 31. f4 1/2-1/2

[Event "V4 OPEN - International Championship of Slovakia 2
[Site "Banska Stiavnica"]
[Date "2013.07.08"]
[Round "3"]
[Board "40"]
[White "Borosova, Zuzana"]
[Black "Pal, Csanad"]
[Result "1-0"]
[WhiteElo "2265"]
[BlackElo "1878"]
[PlyCount "59"]
[EventDate "2013.07.06"]
[EventRounds "9"]
[EventCountry "SVK"]

1. e4 e5 2. Nf3 Nc6 3. Bc4 Bc5 4. b4 Bxb4 5. c3 Ba5 6. d4 d6 7. Qb3 exd4 8.
Bxf7+ Kf8 9. Bxg8 Rxg8 10. Ng5 Qe8 11. Nxh7+ Ke7 12. O-O Bxc3 13. Nxc3 dxc3 14.
Qxc3 Be6 15. e5 Qh5 16. exd6+ cxd6 17. Ng5 Rac8 18. Qe3 Nd8 19. Re1 Qg6 20. Ba3
Kd7 21. Rad1 Rc6 22. Nxe6 Qxe6 23. Qd4 Qf6 24. Qxa7 Rf8 25. Re2 Re8 26. Red2
Ra6 27. Qxa6 bxa6 28. Rxd6+ Kc7 29. Rxf6 gxf6 30. Kf1 1-0

[Event "V4 OPEN - International Championship of Slovakia 2
[Site "Banska Stiavnica"]
[Date "2013.07.08"]
[Round "3"]
[Board "41"]
[White "Malinovsky, Jozef"]
[Black "Jarmula, Lukasz"]
[Result "0-1"]
[WhiteElo "1846"]
[BlackElo "2261"]
[PlyCount "96"]
[EventDate "2013.07.06"]
[EventRounds "9"]
[EventCountry "SVK"]

1. e4 c5 2. Nf3 d6 3. d4 cxd4 4. Nxd4 Nf6 5. Nc3 g6 6. Bb5+ Bd7 7. Qe2 Bg7 8.
Be3 O-O 9. f3 a6 10. Bd3 Nc6 11. Qd2 Rc8 12. Nxc6 Rxc6 13. Ne2 Rc8 14. O-O Qc7
15. Ng3 h5 16. Qf2 d5 17. exd5 Nxd5 18. Bc1 Nb4 19. Be4 Nxc2 20. Bxc2 Qxc2 21.
Qxc2 Rxc2 22. Ne4 Bd4+ 23. Kh1 Bxb2 24. Bxb2 Rxb2 25. Rfb1 Rxb1+ 26. Rxb1 Rc8
27. h3 b5 28. a3 Bf5 29. Rb4 Bxe4 30. fxe4 Rc4 31. Kg1 Rxb4 32. axb4 Kg7 33.
Kf2 Kf6 34. g3 Ke5 35. Ke3 e6 36. Kd3 f5 37. exf5 exf5 38. Ke3 g5 39. Kf3 g4+
40. hxg4 hxg4+ 41. Ke3 f4+ 42. gxf4+ Kf5 43. Kf2 Kxf4 44. Kg2 g3 45. Kg1 Kg4
46. Kg2 Kh4 47. Kg1 Kh3 48. Kh1 a5 0-1

[Event "V4 OPEN - International Championship of Slovakia 2
[Site "Banska Stiavnica"]
[Date "2013.07.08"]
[Round "3"]
[Board "42"]
[White "Simo, Marian"]
[Black "Mukashev, Assan"]
[Result "0-1"]
[WhiteElo "1844"]
[BlackElo "2247"]
[PlyCount "52"]
[EventDate "2013.07.06"]
[EventRounds "9"]
[EventCountry "SVK"]

1. e4 e6 2. d4 d5 3. Nc3 Nf6 4. Bg5 Bb4 5. e5 h6 6. Bd2 Bxc3 7. bxc3 Ne4 8. Qg4
g6 9. Bd3 Nxd2 10. Kxd2 Qe7 11. Rb1 c5 12. Bb5+ Bd7 13. Bxd7+ Qxd7 14. Ne2 c4
15. f4 b6 16. Qh4 Qe7 17. Qxe7+ Kxe7 18. g4 g5 19. h4 Nd7 20. f5 f6 21. fxe6
Kxe6 22. Rbe1 Rae8 23. exf6 Nxf6 24. hxg5 hxg5 25. Nf4+ Kf7 26. Rxe8 Rxh1 0-1

[Event "V4 OPEN - International Championship of Slovakia 2
[Site "Banska Stiavnica"]
[Date "2013.07.08"]
[Round "3"]
[Board "43"]
[White "Sahidi, Samir"]
[Black "Zvarik, Martin"]
[Result "0-1"]
[WhiteElo "1839"]
[BlackElo "2235"]
[PlyCount "108"]
[EventDate "2013.07.06"]
[EventRounds "9"]
[EventCountry "SVK"]

1. Nf3 d6 2. d4 Bg4 3. e4 Nd7 4. Be3 e5 5. h3 Bh5 6. Be2 Bg6 7. Nc3 Be7 8. dxe5
dxe5 9. a3 c6 10. Nd2 Qc7 11. Bg4 Ngf6 12. Bxd7+ Nxd7 13. Qe2 O-O 14. O-O Nc5
15. Qc4 Ne6 16. Ne2 Rad8 17. f3 b5 18. Qb3 a5 19. a4 Nc5 20. Qa2 Nxa4 21. Nc4
Ra8 22. b3 Nc5 23. Nb2 Ra6 24. Nd3 Nxd3 25. cxd3 f6 26. Rfc1 Bf7 27. Qb2 Rd8
28. d4 exd4 29. Nxd4 Qe5 30. Qf2 Bd6 31. Rab1 Qe8 32. Nf5 Bf8 33. Qg3 Be6 34.
Nd4 Bd7 35. Ne2 Ba3 36. Rc2 c5 37. Bxc5 Rc8 38. Qf2 Rac6 39. b4 axb4 40. Nc1 b3
41. Nxb3 Be6 42. Bxa3 Rxc2 43. Nd2 Qd7 44. Bb4 R8c4 45. Ba5 Ra2 46. Qe1 Qa7+
47. Kh2 Qxa5 48. Nxc4 Qxe1 49. Rxe1 Bxc4 50. Rd1 b4 51. Rd8+ Kf7 52. Rd7+ Kg6
53. Kg1 b3 54. Rc7 b2 0-1

[Event "V4 OPEN - International Championship of Slovakia 2
[Site "Banska Stiavnica"]
[Date "2013.07.08"]
[Round "3"]
[Board "44"]
[White "Jandl, Vojtech"]
[Black "Bombek, Peter"]
[Result "0-1"]
[WhiteElo "1837"]
[BlackElo "2227"]
[PlyCount "70"]
[EventDate "2013.07.06"]
[EventRounds "9"]
[EventCountry "SVK"]

1. e4 e6 2. d4 d5 3. exd5 exd5 4. Bd3 c5 5. Qe2+ Be6 6. Nf3 Nc6 7. dxc5 Bxc5 8.
O-O Nf6 9. Bf5 Qe7 10. Bxe6 Qxe6 11. Qb5 Qd6 12. Bf4 Qxf4 13. Qxc5 O-O-O 14.
Nc3 Qc4 15. Qxc4 dxc4 16. Rad1 h6 17. Rfe1 Rxd1 18. Rxd1 Rd8 19. Rxd8+ Kxd8 20.
Nb5 Ne4 21. Nbd4 Nxd4 22. Nxd4 Ke7 23. f3 Nd6 24. Kf2 Kf6 25. Ke3 Ke5 26. c3 g5
27. Ne2 Nf5+ 28. Kf2 b5 29. Ng3 Ne7 30. Ne2 a5 31. a3 Nd5 32. g3 b4 33. axb4
axb4 34. h3 b3 35. Nd4 Nxc3 0-1

[Event "V4 OPEN - International Championship of Slovakia 2
[Site "Banska Stiavnica"]
[Date "2013.07.08"]
[Round "3"]
[Board "45"]
[White "Juhar, Roman"]
[Black "Lecky, Juraj"]
[Result "1-0"]
[WhiteElo "2213"]
[BlackElo "1826"]
[PlyCount "95"]
[EventDate "2013.07.06"]
[EventRounds "9"]
[EventCountry "SVK"]

1. d4 Nf6 2. c4 c5 3. d5 e6 4. Nc3 exd5 5. Nxd5 Nxd5 6. Qxd5 d6 7. Bg5 Qa5+ 8.
Qd2 Nc6 9. Qxa5 Nxa5 10. e4 Be6 11. b3 Be7 12. Bxe7 Kxe7 13. O-O-O Nc6 14. Kb2
a5 15. a4 f6 16. Ne2 g5 17. Nc3 Nd4 18. Nb5 Nxb5 19. cxb5 b6 20. Kc3 Rae8 21.
f3 Bf7 22. Bc4 Bxc4 23. Kxc4 Kd7 24. Rd5 Re5 25. h4 Rxd5 26. Kxd5 h5 27. g3 Rh6
28. Rh3 Rh7 29. hxg5 fxg5 30. f4 g4 31. Rh4 Rh8 32. f5 Re8 33. Rxh5 Re5+ 34.
Kc4 Rxe4+ 35. Kd3 Rb4 36. Rh7+ Ke8 37. Kc3 c4 38. bxc4 Rxa4 39. Rb7 Ra3+ 40.
Kd4 Rxg3 41. Rxb6 Rf3 42. Rxd6 Rxf5 43. b6 Rf1 44. Rg6 Kd7 45. c5 Rf4+ 46. Kd5
Rf5+ 47. Kc4 g3 48. c6+ 1-0

[Event "V4 OPEN - International Championship of Slovakia 2
[Site "Banska Stiavnica"]
[Date "2013.07.08"]
[Round "3"]
[Board "47"]
[White "Horvath, Julia"]
[Black "Volna, Lukas"]
[Result "1/2-1/2"]
[WhiteElo "2183"]
[BlackElo "1809"]
[PlyCount "112"]
[EventDate "2013.07.06"]
[EventRounds "9"]
[EventCountry "SVK"]

1. d4 g6 2. c4 Bg7 3. e4 d6 4. Ne2 Nd7 5. Nbc3 c5 6. d5 Ngf6 7. Ng3 Nb6 8. Be2
a6 9. O-O O-O 10. a4 h5 11. f3 Nh7 12. Bd3 Nd7 13. f4 Bd4+ 14. Kh1 Ndf6 15.
Nce2 e5 16. dxe6 fxe6 17. Nxd4 cxd4 18. Ne2 e5 19. Qe1 Qe8 20. Bd2 Bg4 21. h3
Bxe2 22. Qxe2 a5 23. c5 dxc5 24. fxe5 Qxe5 25. Bf4 Qe7 26. e5 Nd5 27. Bc4 Rad8
28. Qe4 Qe6 29. Bh6 Rfe8 30. Rf3 Rd6 31. Raf1 Qxe5 32. Qxe5 Rxe5 33. Bf4 Ree6
34. Bxd6 Rxd6 35. h4 Kh8 36. Bxd5 Rxd5 37. Rb3 Rd7 38. Rb6 Kg7 39. Kg1 d3 40.
Re6 c4 41. Rd1 Nf6 42. Kf1 Kf7 43. Re5 b6 44. g3 Ng4 45. Re4 Kg7 46. Rd2 Kf7
47. Kg2 Rd5 48. Kf3 Ne5+ 49. Kf2 Ng4+ 50. Ke1 Ne5 51. Rf2+ Ke7 52. Kd2 Kd6 53.
Ref4 Kc5 54. Kc3 Rd6 55. Re4 Rd5 56. Ref4 Rd7 1/2-1/2

[Event "V4 OPEN - International Championship of Slovakia 2
[Site "Banska Stiavnica"]
[Date "2013.07.08"]
[Round "3"]
[Board "48"]
[White "Laho, Lukas"]
[Black "Demeter, Peter"]
[Result "0-1"]
[WhiteElo "1835"]
[BlackElo "2168"]
[PlyCount "54"]
[EventDate "2013.07.06"]
[EventRounds "9"]
[EventCountry "SVK"]

1. d4 Nf6 2. c4 c5 3. d5 d6 4. Nc3 g6 5. e4 Bg7 6. Bd3 O-O 7. Nge2 a6 8. a4 e5
9. a5 Nh5 10. Be3 Nd7 11. f3 f5 12. Qa4 Nf4 13. Bxf4 exf4 14. Nxf4 Ne5 15. Be2
fxe4 16. Ne6 Bxe6 17. dxe6 exf3 18. gxf3 Qh4+ 19. Kd1 Rae8 20. Nd5 Rxe6 21. f4
Ng4 22. Qd7 Rxe2 23. Kxe2 Qf2+ 24. Kd3 Ne5+ 25. fxe5 Rf3+ 26. Ke4 Qe2+ 27. Ne3
Qxe3+ 0-1

[Event "V4 OPEN - International Championship of Slovakia 2
[Site "Banska Stiavnica"]
[Date "2013.07.08"]
[Round "3"]
[Board "50"]
[White "Nasuta, Andrzej"]
[Black "Zatko, Gregor"]
[Result "0-1"]
[WhiteElo "1818"]
[BlackElo "2158"]
[PlyCount "106"]
[EventDate "2013.07.06"]
[EventRounds "9"]
[EventCountry "SVK"]

1. e4 e5 2. Nf3 Nc6 3. Bc4 Nf6 4. Ng5 d5 5. exd5 Na5 6. Bb5+ c6 7. dxc6 bxc6 8.
Qf3 h6 9. Ne4 Nd5 10. Ba4 Be7 11. O-O O-O 12. d3 f5 13. Ng3 Rb8 14. Bb3 Nxb3
15. axb3 Qc7 16. Nc3 Nb4 17. Qe2 Ba6 18. Na2 Nd5 19. Qh5 f4 20. Ne4 Bc8 21. Qe2
Rf5 22. f3 g5 23. h3 Rf7 24. Nac3 Rg7 25. Nf2 h5 26. Re1 Bf6 27. Nce4 Bd8 28.
Nc3 Re7 29. Nce4 Re8 30. Bd2 Qe7 31. c4 Nb4 32. Bxb4 Rxb4 33. c5 Rd4 34. Nd6
Rxd6 35. cxd6 Qxd6 36. Rad1 Bb6 37. Qe4 Bd4 38. Rd2 Rf8 39. Rc2 Bd7 40. Kf1 Rb8
41. Qe2 Rxb3 42. Ne4 Qe7 43. Rec1 Rb5 44. Rb1 Qg7 45. Nf2 Rb3 46. Qe4 Qh6 47.
Rbc1 Rb6 48. Qe2 Qg6 49. Ne4 Bf5 50. Rd1 Rb3 51. Qd2 g4 52. h4 gxf3 53. Qa5 Rb8
0-1

[Event "V4 OPEN - International Championship of Slovakia 2
[Site "Banska Stiavnica"]
[Date "2013.07.08"]
[Round "3"]
[Board "51"]
[White "Dowgird, Filip"]
[Black "Feldvabl, Vilem"]
[Result "1-0"]
[WhiteElo "2154"]
[BlackElo "1794"]
[PlyCount "53"]
[EventDate "2013.07.06"]
[EventRounds "9"]
[EventCountry "SVK"]

1. Nf3 Nf6 2. g3 g6 3. Bg2 Bg7 4. O-O d5 5. d3 O-O 6. Nbd2 c6 7. e4 dxe4 8.
dxe4 h6 9. a4 a5 10. Re1 Kh7 11. h3 Qc7 12. e5 Nd5 13. Qe2 Nb4 14. Nc4 Be6 15.
b3 Nd7 16. Bb2 Nb6 17. Na3 Rfd8 18. Bd4 c5 19. Nb5 Qc8 20. Be3 N6d5 21. Rec1
Nxe3 22. Qxe3 Rb8 23. g4 Nd5 24. Qe4 f5 25. gxf5 Bxf5 26. Qh4 Qd7 27. Rd1 1-0

[Event "V4 OPEN - International Championship of Slovakia 2
[Site "Banska Stiavnica"]
[Date "2013.07.08"]
[Round "3"]
[Board "52"]
[White "Lukac, Roman"]
[Black "Hipszki, Julius"]
[Result "1-0"]
[WhiteElo "2126"]
[BlackElo "1776"]
[PlyCount "95"]
[EventDate "2013.07.06"]
[EventRounds "9"]
[EventCountry "SVK"]

1. e4 e5 2. Nf3 Nc6 3. Bb5 a6 4. Ba4 Nf6 5. O-O d6 6. Re1 Be7 7. c3 O-O 8. d3
b5 9. Bc2 Bg4 10. h3 Bh5 11. Nbd2 Qd7 12. Nf1 Nd8 13. Ne3 Bxf3 14. Qxf3 Ne6 15.
Nf5 c5 16. Be3 Rac8 17. Rac1 Bd8 18. d4 Ne8 19. Bb3 c4 20. Bc2 Kh8 21. Rcd1 Qc7
22. Rd2 Bf6 23. Red1 a5 24. Qg3 g6 25. dxe5 Bxe5 26. f4 Bxf4 27. Bxf4 Nxf4 28.
Qxf4 gxf5 29. exf5 Qc5+ 30. Kh1 f6 31. Rd5 Qb6 32. Re1 Rc5 33. Qd4 Qc7 34. Re6
Rxd5 35. Qxd5 Qd7 36. Qd4 d5 37. Be4 Nc7 38. Rxf6 Rxf6 39. Qxf6+ Kg8 40. Bf3 b4
41. Qe5 d4 42. cxd4 c3 43. bxc3 bxc3 44. Bd1 a4 45. f6 Qc6 46. Qg5+ Kf7 47.
Bh5+ Ke6 48. Bg4+ 1-0

[Event "V4 OPEN - International Championship of Slovakia 2
[Site "Banska Stiavnica"]
[Date "2013.07.08"]
[Round "3"]
[Board "53"]
[White "Gonda, Jozef"]
[Black "Mondrzycki, Bartlomiej"]
[Result "0-1"]
[WhiteElo "1808"]
[BlackElo "2099"]
[PlyCount "90"]
[EventDate "2013.07.06"]
[EventRounds "9"]
[EventCountry "SVK"]

1. d4 Nf6 2. Nf3 e6 3. Bg5 h6 4. Bh4 b6 5. e3 Bb7 6. Nbd2 d6 7. c3 Nbd7 8. Be2
Qe7 9. O-O g5 10. Bg3 Bg7 11. a4 a5 12. Rc1 Nh5 13. e4 Nxg3 14. hxg3 h5 15. Bb5
g4 16. Nh4 Bf6 17. e5 dxe5 18. Bxd7+ Qxd7 19. dxe5 Bxh4 20. gxh4 Qd5 21. f3
O-O-O 22. Rf2 gxf3 23. Qxf3 Qxe5 24. Qe2 Qd5 25. b4 Rhg8 26. c4 Rxg2+ 27. Rxg2
Qxg2+ 28. Qxg2 Bxg2 29. bxa5 Rxd2 30. axb6 cxb6 31. c5 Kc7 32. cxb6+ Kxb6 33.
Rb1+ Kc6 34. a5 Bd5 35. Rb6+ Kc5 36. Rb8 Ra2 37. Rh8 Bf3 38. Rh7 f5 39. Re7 Kd5
40. Ra7 Ke4 41. Rb7 Rxa5 42. Rb4+ Ke3 43. Rb3+ Kf4 44. Kf2 Ra2+ 45. Ke1 e5 0-1

[Event "V4 OPEN - International Championship of Slovakia 2
[Site "Banska Stiavnica"]
[Date "2013.07.08"]
[Round "3"]
[Board "54"]
[White "Paulicka, Ivan"]
[Black "Toman, Ondrej"]
[Result "0-1"]
[WhiteElo "1775"]
[BlackElo "2061"]
[PlyCount "98"]
[EventDate "2013.07.06"]
[EventRounds "9"]
[EventCountry "SVK"]

1. e4 c5 2. Nf3 d6 3. Nc3 e5 4. Bc4 Nc6 5. d3 Be7 6. Nd5 Bg4 7. Nxe7 Qxe7 8. c3
Nf6 9. h3 Bh5 10. g4 Bg6 11. Bg5 h6 12. Bh4 h5 13. Qd2 hxg4 14. hxg4 Qd7 15.
O-O-O O-O-O 16. Rdg1 Rdg8 17. Qg5 Na5 18. Nd2 Nxc4 19. Nxc4 Qe6 20. b3 Rh6 21.
Qe3 Rgh8 22. g5 Rxh4 23. Rxh4 Rxh4 24. gxf6 Qxf6 25. Qg3 Kd7 26. Ne3 Qf4 27.
Kd2 Ke6 28. Ke1 Qxg3 29. fxg3 Rh2 30. Rg2 Rxg2 31. Nxg2 d5 32. exd5+ Kxd5 33.
Kd2 f5 34. c4+ Ke6 35. Ke3 Be8 36. Nh4 Bc6 37. Ng6 Kf6 38. Nf8 g5 39. Nh7+ Kg6
40. Nf8+ Kh5 41. Ne6 b6 42. Ng7+ Kg4 43. Kf2 Bd7 44. a3 f4 45. b4 fxg3+ 46. Kg2
Kh4 47. b5 g4 48. a4 Kg5 49. Kxg3 Kh6 0-1

[Event "V4 OPEN - International Championship of Slovakia 2
[Site "Banska Stiavnica"]
[Date "2013.07.08"]
[Round "3"]
[Board "55"]
[White "Volcko, Richard"]
[Black "Edes, Zsofia"]
[Result "1-0"]
[WhiteElo "1766"]
[BlackElo "2059"]
[PlyCount "105"]
[EventDate "2013.07.06"]
[EventRounds "9"]
[EventCountry "SVK"]

1. e4 e6 2. d4 d5 3. e5 c5 4. c3 Nc6 5. Nf3 Qb6 6. a3 Nh6 7. b4 cxd4 8. cxd4
Nf5 9. Bb2 Bd7 10. Be2 Na5 11. Nbd2 Rc8 12. Rc1 Nc6 13. Nb3 Be7 14. O-O O-O 15.
Qd2 f6 16. exf6 Rxf6 17. Bd3 Rcf8 18. Nc5 Be8 19. Rfe1 Nd8 20. Qe2 Qd6 21. Bxf5
Rxf5 22. Nxe6 Nxe6 23. Qxe6+ Qxe6 24. Rxe6 Bd8 25. Re5 R5f6 26. Rc2 Bg6 27. Rd2
Rd6 28. Rde2 Bf6 29. R5e3 Bh5 30. Rc2 Rd7 31. h3 Bg6 32. Rce2 Be4 33. Nd2 Bg5
34. Nxe4 Bxe3 35. Nc5 Bxf2+ 36. Rxf2 Rdf7 37. Rxf7 Rxf7 38. Na4 Kf8 39. Nc3 Rf5
40. Nb5 Rf6 41. Nxa7 Rb6 42. b5 Rf6 43. Bc3 Ke8 44. Bb4 Kd7 45. Bc5 Kc7 46. b6+
Kd7 47. Nb5 g5 48. Nc7 Kc6 49. Kh2 h5 50. Kg3 Rf4 51. Ne6 h4+ 52. Kh2 Rf5 53.
Nd8+ 1-0